00529nam a2200169 u 4500001001900000003000400019005001700023008004100040020001800081040001400099100001600113245008800129260006500217300001800282490001600300650004300316991060928176006706OSt20230404112940.0 s2021 xx r 000 0 cat d a9788491912613 bcatcCDMR aPrieto, Pep aPetita gran pantalla b: de com les sèries ens han canviat la vida c/ Pep Prieto aBarcelona : bPublicacions de l'Abadia de Montserrat, c2023 a196 pàgines aMagma v; 9 0aSèries televisivesxAspectes socials